000 00871nam a2200277Ia 4500
003 OSt
005 20221007122605.0
006 a|||||r|||| 00| 0
007 ta
008 221006b |||||||| |||| 00| 0 eng d
020 _a9780199206650 (hbd)
024 _a113768
037 _b3292, 18/10/2010, New India Book Agency
_cTextbook
040 _aPAPL
_cPAPL
_beng
041 _2eng
_aeng
082 _aD65,8(B):71, Q0;1 Carpa
100 _aNewman M E J
_9446905
245 0 _aNetworks: An introduction
260 _aOxford
_bOxford University Press
_c2010
300 _axi, 772p.
_ccm.
500 _aReferences 727-739p.; Index 740-772p.
650 _a Networks
_9714629
650 _aPhysics
942 _hD65,8(B):71, Q0;1 Carpa
_cTB
_2CC
999 _c1210627
_d1210627